Znalostná konverzia, znalostný manažment a intelektuálny kapitál

Znalostný manažment patrí medzi moderné trendy manažmentu v súčasnosti. Problematika znalostnej konverzie, intelektuálny kapitál a výskum. Rozdiely medzi východným a západným prístupom k tvorbe znalostí a odôvodnenia týchto rozdielov.

Na minha lista:
Detalhes bibliográficos
Autor principal: Trávniček, Igor
Formato: Capítulo de Livro
Idioma:eslovaco
Assuntos:
Tags: Adicionar Tag
Sem tags, seja o primeiro a adicionar uma tag!

MARC

LEADER 00000nla$a2200000$$$4500
001 0124888
005 20240502072422.0
041 0 |a slo 
044 |a SK 
245 1 0 |a Znalostná konverzia, znalostný manažment a intelektuálny kapitál  |c Igor Trávniček 
520 |a Znalostný manažment patrí medzi moderné trendy manažmentu v súčasnosti. Problematika znalostnej konverzie, intelektuálny kapitál a výskum. Rozdiely medzi východným a západným prístupom k tvorbe znalostí a odôvodnenia týchto rozdielov. 
610 2 0 |a manažment 
610 2 0 |a manažéri 
610 2 0 |a manažment znalostný 
610 2 0 |a riadenie znalostí 
610 2 0 |a kapitál intelektuálny 
610 2 0 |a učiaca sa organizácia 
610 2 0 |a vedomosti 
610 2 0 |a definície 
610 2 0 |a výskum 
100 1 |a Trávniček, Igor